000 00530cam a22002171 4500
001 sa 68011880
003 DLC
005 20260227112605.0
008 890420r1966uuuuio 000 0 dut
010 _asa 68011880
035 _a(OCoLC)23432894
040 _aDLC
_cMiU
_dDLC
042 _apremarc
050 0 0 _aHD37.I52
_bK6
100 0 _aKomaruddin.
245 1 0 _aEkonomi-perusahaan dan management.
250 _aEdisi 1.
260 _a[Bandung?]
_bAcademica,
_c1966.
300 _a250 p.
_c21 cm.
650 0 _aManagement
999 _c84171
_d84171